আমি মুজিব বলছি / (Record no. 9308)
[ view plain ]
| 000 -LEADER | |
|---|---|
| fixed length control field | 00647nam a22002177a 4500 |
| 001 - CONTROL NUMBER | |
| JCCL Control Number | 9308 |
| 003 - CONTROL NUMBER IDENTIFIER | |
| JCCL marc code | BD-JhCC |
| 005 - DATE AND TIME OF LATEST TRANSACTION | |
| control field | 20180314183012.0 |
| 008 - FIXED-LENGTH DATA ELEMENTS--GENERAL INFORMATION | |
| fixed length control field | 180312s1972 bg p|||| |||| 00| 0 ben d |
| 035 ## - SYSTEM CONTROL NUMBER | |
| system control number | (BD-JhCC) 9308 |
| 040 ## - CATALOGING SOURCE | |
| Original cataloging agency | BD-JhCC |
| Modifying agency | BD-JhCC |
| 041 ## - LANGUAGE CODE | |
| Language code of Book | ben |
| 082 ## - DEWEY DECIMAL CLASSIFICATION NUMBER | |
| Classification number | 320 |
| Author mark and Year | OZA 1972 |
| 100 ## - MAIN ENTRY--PERSONAL NAME | |
| Personal name | ওঝা, কৃত্তিবাস |
| 245 ## - TITLE STATEMENT | |
| Title | আমি মুজিব বলছি / |
| Remainder of title | কৃত্তিবাস ওঝা |
| 260 ## - PUBLICATION, DISTRIBUTION, ETC. (IMPRINT) | |
| Place of publication, distribution, etc | ঢাকা : |
| Name of publisher, distributor, etc | বাংলা বাজার |
| Date of publication, distribution, etc | OZA 1972 |
| 300 ## - PHYSICAL DESCRIPTION | |
| Pagination | 391 p : |
| Other physical details | Ill |
| Dimensions | 20 cm |
| 650 ## - SUBJECT ADDED ENTRY--TOPICAL TERM | |
| Topical term or geographic name as entry element | Politics and government |
| Geographic subdivision | Bangladesh |
| 942 ## - ADDED ENTRY ELEMENTS (KOHA) | |
| Source of classification or shelving scheme | Dewey Decimal Classification |
| Koha item type | Books |
| Source of classification or shelving scheme | Damaged status | Not for loan | Home library | Current library | Shelving location | Date of accession | Cost, normal purchase price | Total Checkouts | Full call number | Barcode | Date last seen | Copy number | Koha item type |
|---|---|---|---|---|---|---|---|---|---|---|---|---|---|
| Dewey Decimal Classification | JCC Rouf Library | JCC Rouf Library | General Stacks | 02/05/2024 | 13.00 | 320 OZA 1972 | 12083 | 02/05/2024 | C-1 | Books |